[Event "Mondiale Lampo FIDE 2017"]
[Site "Riyadh"]
[Date "30.12.2017"]
[Round "12.15"]
[White "Bortnyk, Olexandr"]
[Black "Rapport, Richard"]
[Result "1/2-1/2"]
[WhiteTitle "GM"]
[BlackTitle "GM"]
[WhiteElo "2610"]
[BlackElo "2707"]
[WhiteFideId "14120828"]
[BlackFideId "738590"]
[EventDate "2017.12.29"]

1. e4 c5 2. Nf3 e6 3. c3 Nc6 4. d4 d5 5. exd5 exd5 6. Be3 cxd4 7. Nxd4 Bd6 8.
Nd2 Nge7 9. N2f3 O-O 10. Be2 a6 11. h3 Ng6 12. Qb3 Nf4 13. Bxf4 Bxf4 14. Rd1 Re8
15. O-O Bc7 16. Qc2 Qd6 17. Rfe1 g6 18. Qd2 Nxd4 19. Qxd4 Be6 20. Bc4 Rad8 21.
Bxd5 Bb6 22. Qf6 Bxf2+ 23. Kxf2 Qc5+ 24. Qd4 Rxd5 1/2-1/2

[Event "Mondiale Lampo FIDE 2017"]
[Site "Riyadh"]
[Date "30.12.2017"]
[Round "12.16"]
[White "Amonatov, Farrukh"]
[Black "Movsesian, Sergei"]
[Result "1-0"]
[WhiteTitle "GM"]
[BlackTitle "GM"]
[WhiteElo "2636"]
[BlackElo "2647"]
[WhiteFideId "14700077"]
[BlackFideId "310204"]
[EventDate "2017.12.29"]

1. e4 c5 2. Nf3 e6 3. d4 cxd4 4. Nxd4 Nc6 5. Nc3 a6 6. Nxc6 bxc6 7. Bd3 d5 8.
O-O Nf6 9. Bf4 Be7 10. Qe2 Bb7 11. Rfe1 O-O 12. Rad1 Re8 13. Na4 Nd7 14. e5 Nb6
15. Nxb6 Qxb6 16. c4 d4 17. h4 c5 18. h5 Bf8 19. Bb1 Rab8 20. Rd3 g6 21. Rg3 Bg7
22. b3 Qc7 23. Qg4 a5 24. Qh4 Rf8 25. Rh3 Qd8 26. Bg5 f6 27. hxg6 1-0

[Event "Mondiale Lampo FIDE 2017"]
[Site "Riyadh"]
[Date "30.12.2017"]
[Round "12.17"]
[White "Leko, Peter"]
[Black "Vidit, Santosh Gujrathi"]
[Result "1-0"]
[WhiteTitle "GM"]
[BlackTitle "GM"]
[WhiteElo "2691"]
[BlackElo "2715"]
[WhiteFideId "703303"]
[BlackFideId "5029465"]
[EventDate "2017.12.29"]

1. e4 e5 2. Nf3 Nc6 3. Bb5 a6 4. Ba4 Nf6 5. O-O Nxe4 6. d4 b5 7. Bb3 d5 8. dxe5
Be6 9. Nbd2 Be7 10. c3 O-O 11. Bc2 f5 12. Nb3 Qd7 13. Nbd4 Nxd4 14. Nxd4 c5 15.
Ne2 Rad8 16. Nf4 d4 17. Nxe6 Qxe6 18. cxd4 Kh8 19. Qe2 Rxd4 20. f3 Ng5 21. f4
Ne4 22. Be3 Rd7 23. a4 c4 24. axb5 axb5 25. Rfd1 Nc5 26. Rxd7 Qxd7 27. Rd1 Qc6
28. Qd2 g6 29. Qd5 Rc8 30. Qf7 Qe6 31. Qxe6 Nxe6 32. Kf2 Kg8 33. b3 Bc5 34. bxc4
bxc4 35. g3 Rb8 36. Bxc5 Rb2 37. Rd2 Nxc5 38. Ke3 c3 39. Re2 Rb4 40. Re1 Rb2 41.
Rc1 Rb4 42. Bd1 Re4+ 43. Kf3 Re1 44. Rxc3 Ne4 45. Rc8+ Kg7 46. Ba4 Rf1+ 47. Ke3
Re1+ 48. Kd4 Ra1 49. Bb3 Nd2 50. Bc2 Nf3+ 51. Kd5 Nxh2 52. e6 Ng4 53. e7 Re1 54.
Kd6 Nf6 55. Ba4 Re3 56. Rf8 Ne4+ 57. Kc7 Nc5 58. e8=Q Rxe8 59. Rxe8 Nxa4 60.
Re7+ Kh6 61. Kd6 Nc3 62. Re3 Ne4+ 63. Ke5 Nf2 64. Rf3 Ng4+ 65. Ke6 Kg7 66. Ra3
h5 67. Ra7+ Kh6 68. Kf7 h4 69. gxh4 Kh5 70. Ra6 Ne3 71. Rxg6 Nd5 72. Rg5+ Kxh4
73. Rxf5 Ne3 74. Rg5 Nc4 75. Kf6 Nd2 76. Rg8 Kh5 77. f5 Ne4+ 78. Ke5 Ng5 79. f6
Nf7+ 80. Ke4 1-0

[Event "Mondiale Lampo FIDE 2017"]
[Site "Riyadh"]
[Date "30.12.2017"]
[Round "12.18"]
[White "Ponomariov, Ruslan"]
[Black "Sjugirov, Sanan"]
[Result "1-0"]
[WhiteTitle "GM"]
[BlackTitle "GM"]
[WhiteElo "2694"]
[BlackElo "2650"]
[WhiteFideId "14103320"]
[BlackFideId "4189302"]
[EventDate "2017.12.29"]

1. e4 e5 2. Nf3 Nc6 3. Bc4 Bc5 4. c3 Nf6 5. d3 O-O 6. Nbd2 a6 7. Bb3 Ba7 8. Nc4
d6 9. Bg5 Be6 10. Ne3 Re8 11. h3 Bxe3 12. fxe3 Bxb3 13. Qxb3 Rb8 14. O-O h6 15.
Bh4 Re6 16. Nd2 g5 17. Bg3 d5 18. Qc2 dxe4 19. dxe4 Qd6 20. Rad1 Qc5 21. Bf2 Ne7
22. b4 Qc6 23. Bg3 Ng6 24. Rf5 Nh5 25. Bh2 Rd8 26. Rdf1 Rd7 27. c4 Qd6 28. Nf3
Qxb4 29. Nxe5 Nxe5 30. Bxe5 Qe7 31. Qe2 Rxe5 32. Qxh5 Rxf5 33. Rxf5 Qxe4 34. Rf1
Qxe3+ 35. Kh1 Qe6 36. c5 Kg7 37. Qf3 c6 38. Qc3+ Kg6 39. Qc2+ Kg7 40. Qc3+ Kg8
41. Re1 Qd5 42. Re8+ Kh7 43. Qh8+ Kg6 44. Qg8+ Kh5 45. Kh2 Qd2 46. Re4 f5 47.
Qe8+ 1-0

[Event "Mondiale Lampo FIDE 2017"]
[Site "Riyadh"]
[Date "30.12.2017"]
[Round "12.19"]
[White "Cheparinov, Ivan"]
[Black "Fedoseev, Vladimir3"]
[Result "0-1"]
[WhiteTitle "GM"]
[BlackTitle "GM"]
[WhiteElo "2710"]
[BlackElo "2718"]
[WhiteFideId "2905540"]
[BlackFideId "24130737"]
[EventDate "2017.12.29"]

1. Nf3 Nf6 2. g3 b5 3. Bg2 Bb7 4. O-O e6 5. b3 c5 6. c4 a6 7. Na3 Qb6 8. Bb2 Be7
9. e3 d5 10. cxd5 Bxd5 11. d3 Nbd7 12. Qe2 O-O 13. Rfd1 Rfc8 14. Rac1 Bb7 15.
Nb1 Nd5 16. a3 Bf8 17. Nbd2 N5f6 18. h3 Re8 19. Re1 e5 20. Red1 Rac8 21. Rc2 h6
22. Rdc1 Rcd8 23. Nh4 Bxg2 24. Kxg2 Qe6 25. Nhf3 Nd5 26. Ne4 f5 27. Ned2 N5f6
28. Ne1 g6 29. Bc3 Rc8 30. Kh2 Bd6 31. Bb2 Nb6 32. Qf3 Rc7 33. Bc3 Kh7 34. Ba5
e4 35. dxe4 fxe4 36. Qe2 Nfd5 37. Ng2 g5 38. Qg4 Qxg4 39. hxg4 Rf7 40. Kg1 Nd7
41. Rd1 N7f6 42. Nf1 Bf8 43. Rcd2 Re5 44. Nh2 b4 45. f4 exf3 46. Nxf3 Re8 47.
axb4 cxb4 48. Nd4 Nxg4 49. Nc6 Ndxe3 50. Nxe3 Rxe3 51. Rd3 Re2 52. Bb6 Bg7 53.
Rd7 Rf3 54. Bd4 Nf6 55. Be5 Nxd7 56. Rxd7 Rxe5 57. Nxe5 Rxg3+ 58. Kf2 Rxb3 59.
Ng4 Rc3 60. Ne3 Rc5 61. Kf3 b3 62. Rb7 Rb5 0-1

[Event "Mondiale Lampo FIDE 2017"]
[Site "Riyadh"]
[Date "30.12.2017"]
[Round "12.20"]
[White "Bosiocic, Marin"]
[Black "Li, Chao b"]
[Result "0-1"]
[WhiteTitle "GM"]
[BlackTitle "GM"]
[WhiteElo "2624"]
[BlackElo "2732"]
[WhiteFideId "14507927"]
[BlackFideId "8604436"]
[EventDate "2017.12.29"]

1. d4 Nf6 2. Bg5 d5 3. e3 g6 4. Bxf6 exf6 5. h4 h5 6. c4 dxc4 7. Bxc4 Bd6 8. Nc3
O-O 9. Nge2 f5 10. g3 Nd7 11. Nf4 Kg7 12. Qf3 c6 13. Bb3 Nf6 14. O-O Re8 15.
Rad1 Ne4 16. Bc2 Qe7 17. Rfe1 Bb4 18. Rd3 b6 19. a3 Bxc3 20. bxc3 Ba6 21. Rdd1
Nxc3 22. Ra1 Ne4 23. Rec1 Rac8 24. Qd1 Red8 25. a4 Bb7 26. Bb3 Nf6 27. a5 c5 28.
axb6 axb6 29. d5 b5 30. Ra7 c4 31. Bc2 Ra8 32. Rca1 Rxa7 33. Rxa7 Rd7 34. Qd4
Qd6 35. f3 Bxd5 36. Rxd7 Qxd7 37. e4 fxe4 38. fxe4 Bc6 39. Qc3 Qa7+ 40. Kf1 Qc5
41. Nd3 Qe3 0-1

[Event "Mondiale Lampo FIDE 2017"]
[Site "Riyadh"]
[Date "30.12.2017"]
[Round "12.22"]
[White "Quparadze, Giga"]
[Black "Zhigalko, Sergei"]
[Result "1-0"]
[WhiteTitle "GM"]
[BlackTitle "GM"]
[WhiteElo "2506"]
[BlackElo "2641"]
[WhiteFideId "13602250"]
[BlackFideId "13502956"]
[EventDate "2017.12.29"]

1. e4 c5 2. Ne2 Nc6 3. Nbc3 Nf6 4. g3 e5 5. Bg2 d6 6. O-O Be7 7. d3 O-O 8. f4
Nd4 9. f5 Rb8 10. a4 a6 11. h3 b5 12. axb5 axb5 13. g4 b4 14. Nxd4 cxd4 15. Ne2
Nd7 16. b3 Bb7 17. Bd2 d5 18. exd5 Nb6 19. d6 Qxd6 20. Bxb7 Rxb7 21. Ng3 f6 22.
Qf3 Qd5 23. Ne4 Rc7 24. Ra6 Qb5 25. Ra2 Nd5 26. Rfa1 Qd7 27. Ra5 Rd8 28. R1a2
Kh8 29. h4 h6 30. g5 fxg5 31. hxg5 Rf8 32. gxh6 gxh6 33. Qh5 Rc6 34. Bxh6 Qxf5
35. Bg5+ Kg8 36. c4 Nf4 1-0

[Event "Mondiale Lampo FIDE 2017"]
[Site "Riyadh"]
[Date "30.12.2017"]
[Round "12.23"]
[White "Wang, Yue"]
[Black "Jobava, Baadur"]
[Result "0-1"]
[WhiteTitle "GM"]
[BlackTitle "GM"]
[WhiteElo "2690"]
[BlackElo "2690"]
[WhiteFideId "8601429"]
[BlackFideId "13601520"]
[EventDate "2017.12.29"]

1. d4 Nf6 2. c4 c5 3. d5 g6 4. Nc3 Bg7 5. e4 O-O 6. Nf3 e6 7. Bd3 exd5 8. cxd5
d6 9. h3 Re8 10. O-O Na6 11. Re1 Nc7 12. Bf4 a6 13. a4 Rb8 14. Bh2 Bf8 15. e5
Nfxd5 16. Nxd5 Nxd5 17. Bc4 Nb6 18. Ba2 d5 19. a5 Nc4 20. e6 Bxe6 21. Bxb8 Qxb8
22. Bxc4 dxc4 23. Ng5 Rd8 24. Qe2 Bd5 25. Rad1 Bg7 26. Qe7 Bd4 27. Ne4 Bxe4 28.
Qxe4 Qc7 29. Qe2 Qxa5 30. Qxc4 b5 31. Qe2 Qb6 32. b3 Kg7 33. Qf3 Rd6 34. Rd2 a5
35. Rde2 Rf6 36. Qd5 c4 37. Rf1 Rf5 38. Qe4 Re5 39. Qd3 0-1

[Event "Mondiale Lampo FIDE 2017"]
[Site "Riyadh"]
[Date "30.12.2017"]
[Round "12.25"]
[White "Laznicka, Viktor"]
[Black "Short, Nigel D"]
[Result "1-0"]
[WhiteTitle "GM"]
[BlackTitle "GM"]
[WhiteElo "2647"]
[BlackElo "2678"]
[WhiteFideId "316385"]
[BlackFideId "400025"]
[EventDate "2017.12.29"]

1. d4 Nf6 2. Bf4 d5 3. e3 Bf5 4. c4 e6 5. Nc3 c6 6. Nf3 Nbd7 7. Be2 Be7 8. h3 h6
9. O-O O-O 10. a3 a6 11. Rc1 Ne4 12. Qb3 Qb6 13. Qa2 Rac8 14. Rfd1 Rfd8 15. b4
dxc4 16. Nxe4 Bxe4 17. Nd2 Bd3 18. Nxc4 Bxc4 19. Rxc4 Nf6 20. Rdc1 Ra8 21. Qb1
Rd7 22. Bh2 a5 23. b5 Qxb5 24. Qxb5 cxb5 25. Rc8+ Rxc8 26. Rxc8+ Rd8 27. Rxd8+
Bxd8 28. Bxb5 Nd5 29. a4 Bc7 30. Bxc7 Nxc7 31. Bc4 Kf8 32. Kf1 Ke7 33. Ke2 f6
34. Kd3 Kd6 35. f4 b6 36. h4 Ke7 37. h5 Kd6 38. g4 Ne8 39. Bb3 Nc7 40. Bc4 Ne8
41. Kc3 Nc7 42. Kc2 Nd5 43. Kd3 Nc7 44. Ke4 Ne8 45. f5 exf5+ 46. gxf5 Nc7 47.
Kd3 Kc6 48. e4 Kd6 49. Ke3 Kc6 50. Kf4 b5 51. Bxb5+ Nxb5 52. axb5+ Kxb5 53. Ke3
Kc4 54. d5 Kc5 55. Kd3 Kb5 56. Kd4 Kb6 57. Kc4 Ka6 58. Kc5 Kb7 59. Kb5 1-0

[Event "Mondiale Lampo FIDE 2017"]
[Site "Riyadh"]
[Date "30.12.2017"]
[Round "12.26"]
[White "Saric, Ivan"]
[Black "Van Foreest, Jorden"]
[Result "0-1"]
[WhiteTitle "GM"]
[BlackTitle "GM"]
[WhiteElo "2669"]
[BlackElo "2629"]
[WhiteFideId "14508150"]
[BlackFideId "1039784"]
[EventDate "2017.12.29"]

1. Nf3 d5 2. g3 Nc6 3. d4 Bf5 4. Bg2 e6 5. O-O Nb4 6. Na3 h6 7. c3 Nc6 8. b3 Nf6
9. Bb2 Be7 10. Nc2 Be4 11. Ne3 O-O 12. Re1 a5 13. a4 Bd6 14. Bf1 Re8 15. Nd2 Bh7
16. Bg2 Qd7 17. Qc1 Rad8 18. f4 Ne7 19. Nf3 Ne4 20. Ne5 Qc8 21. Ba3 c5 22. Qb2
b6 23. Rac1 Qa6 24. b4 axb4 25. cxb4 cxd4 26. b5 Bxa3 27. Qxa3 Qa5 28. Nc2 f6
29. Nc6 Nxc6 30. bxc6 e5 31. fxe5 fxe5 32. Nb4 Nc3 33. c7 Rc8 34. Rxc3 dxc3 35.
Nxd5 c2 36. Rc1 Qd2 37. Qb2 Qd1+ 38. Kf2 Kh8 39. Ke3 Bg8 40. Nc3 Qd4+ 41. Kf3
Rf8# 0-1

[Event "Mondiale Lampo FIDE 2017"]
[Site "Riyadh"]
[Date "30.12.2017"]
[Round "12.27"]
[White "Khismatullin, Denis"]
[Black "Howell, David W L"]
[Result "1-0"]
[WhiteTitle "GM"]
[BlackTitle "GM"]
[WhiteElo "2632"]
[BlackElo "2676"]
[WhiteFideId "4142578"]
[BlackFideId "410608"]
[EventDate "2017.12.29"]

1. Nf3 d5 2. d4 Nf6 3. c4 e6 4. Nc3 Be7 5. cxd5 exd5 6. Qc2 c6 7. h3 g6 8. Bh6
Bf5 9. Qc1 Nbd7 10. e3 Bf8 11. Bxf8 Kxf8 12. Be2 Kg7 13. O-O a5 14. b3 Re8 15.
Qb2 Qe7 16. a3 Nb6 17. b4 axb4 18. axb4 Ne4 19. Rfc1 Rxa1 20. Rxa1 Nd6 21. b5
Nbc4 22. Bxc4 Nxc4 23. Qb3 Qc7 24. Na4 Be4 25. Ne1 h5 26. Nc5 Bf5 27. Ra7 Rb8
28. bxc6 Qxc6 29. Rxb7 Ra8 30. Qc3 Ra3 31. Rb3 Ra2 32. e4 Be6 33. Nf3 Kg8 34.
Ng5 Ra8 35. Ngxe6 fxe6 36. Qg3 Qe8 37. Rb7 Rc8 38. Nd7 Qf7 39. e5 Kh8 40. Qg5
Ra8 41. Qh6+ Qh7 42. Qxh7+ 1-0

[Event "Mondiale Lampo FIDE 2017"]
[Site "Riyadh"]
[Date "30.12.2017"]
[Round "12.28"]
[White "Grigoriants, Sergey"]
[Black "Vallejo Pons, Francisco"]
[Result "0-1"]
[WhiteTitle "GM"]
[BlackTitle "GM"]
[WhiteElo "2561"]
[BlackElo "2707"]
[WhiteFideId "4130804"]
[BlackFideId "2205530"]
[EventDate "2017.12.29"]

1. e4 e5 2. Nf3 Nc6 3. Bb5 a6 4. Ba4 b5 5. Bb3 Na5 6. O-O d6 7. d4 exd4 8. Nxd4
Bb7 9. a4 c5 10. Nf5 g6 11. Ne3 Nxb3 12. cxb3 Nf6 13. Nc3 Be7 14. Ned5 b4 15.
Nxf6+ Bxf6 16. Nd5 Be5 17. Bf4 Bxb2 18. Ra2 Bd4 19. Bh6 Bxd5 20. exd5 Qh4 21.
Re2+ Kd7 22. Be3 Rhe8 23. Rfe1 Bxe3 24. Rxe3 Rxe3 25. Rxe3 Re8 26. Rxe8 Kxe8 27.
Qe2+ Qe7 28. Qxa6 Qe1+ 29. Qf1 Qxf1+ 30. Kxf1 c4 31. Ke2 c3 32. Kd3 Kd7 33. Kc2
Kc7 34. Kd3 Kb6 35. f4 f5 36. Kc2 Kc5 37. Kd3 Kxd5 38. g3 Kc6 39. Kc2 h6 40. h4
Kc5 41. Kd3 Kd5 42. Ke3 Kc6 43. Kd3 Kc5 44. Ke3 d5 45. Kd3 d4 46. Kc2 Kd5 47.
Kd3 h5 48. Kc2 Ke4 49. Kc1 d3 50. Kd1 Kd4 51. Kc1 Ke3 52. a5 Ke2 0-1

[Event "Mondiale Lampo FIDE 2017"]
[Site "Riyadh"]
[Date "30.12.2017"]
[Round "12.29"]
[White "Bocharov, Dmitry"]
[Black "Dzhumagaliev, Yan"]
[Result "0-1"]
[WhiteTitle "GM"]
[BlackTitle "FM"]
[WhiteElo "2583"]
[BlackElo "2400"]
[WhiteFideId "4138716"]
[BlackFideId "24100110"]
[EventDate "2017.12.29"]

1. d4 Nf6 2. c4 e6 3. Nf3 b6 4. a3 d5 5. Nc3 Bb7 6. Bg5 Be7 7. Qa4+ c6 8. cxd5
exd5 9. e3 h6 10. Bh4 O-O 11. Bd3 Nbd7 12. O-O c5 13. Rad1 cxd4 14. Nxd4 Nc5 15.
Qc2 Nfe4 16. Bxe7 Qxe7 17. Nxe4 dxe4 18. Bc4 Qe5 19. Qe2 a5 20. h3 Nd3 21. Rd2
Rfc8 22. Ba2 Nc1 23. Bxf7+ Kxf7 24. Qg4 Rc7 25. f3 Kg8 26. f4 Qf6 27. Ne6 Re7
28. Rd6 Nd3 29. Rd1 Rae8 30. f5 Qe5 31. Rxb6 Bd5 32. Rf1 Bxe6 33. fxe6 Rxe6 34.
Rb7 R6e7 35. Rb6 Qc5 36. Rg6 Qxe3+ 37. Kh1 Nf2+ 0-1

[Event "Mondiale Lampo FIDE 2017"]
[Site "Riyadh"]
[Date "30.12.2017"]
[Round "12.30"]
[White "Akobian, Varuzhan"]
[Black "Tregubov, Pavel V."]
[Result "1-0"]
[WhiteTitle "GM"]
[BlackTitle "GM"]
[WhiteElo "2647"]
[BlackElo "2575"]
[WhiteFideId "13300580"]
[BlackFideId "4115341"]
[EventDate "2017.12.29"]

1. d4 Nf6 2. Nf3 e6 3. Bg5 d5 4. e3 c5 5. c4 cxd4 6. exd4 Nc6 7. Nc3 Be7 8. c5
O-O 9. Bb5 Bd7 10. O-O b6 11. Bxc6 Bxc6 12. b4 bxc5 13. bxc5 Ne4 14. Bxe7 Qxe7
15. Qc2 f6 16. Rab1 Rab8 17. Rb3 Rxb3 18. Qxb3 Nxc3 19. Qxc3 Rb8 20. Re1 h6 21.
h3 Kf7 22. Nd2 Qc7 23. Nb3 Rb5 24. Qd3 Rb4 25. Qe3 Bd7 26. Nd2 Qa5 27. a3 Rb2
28. Nf3 Rc2 29. Qf4 e5 30. Nxe5+ Kg8 31. Nf3 Qxa3 32. Re7 Qc1+ 33. Qxc1 Rxc1+
34. Kh2 Bf5 35. Rxa7 Be4 36. Nd2 Rc2 37. Nxe4 dxe4 38. Kg3 Rc4 39. Rd7 Kh7 40.
Kf4 Rc2 41. Kxe4 Rxf2 42. c6 Rc2 43. d5 1-0

[Event "Mondiale Lampo FIDE 2017"]
[Site "Riyadh"]
[Date "30.12.2017"]
[Round "12.31"]
[White "Adhiban, Baskaran"]
[Black "Georgiev, Kiril"]
[Result "0-1"]
[WhiteTitle "GM"]
[BlackTitle "GM"]
[WhiteElo "2655"]
[BlackElo "2623"]
[WhiteFideId "5018471"]
[BlackFideId "2900017"]
[EventDate "2017.12.29"]

1. f4 d5 2. Nf3 Nf6 3. e3 g6 4. Be2 Bg7 5. O-O O-O 6. d3 c5 7. Nc3 Nc6 8. Ne5
Qc7 9. Nxc6 Qxc6 10. Bf3 Rd8 11. Qe1 Bg4 12. e4 Bxf3 13. Rxf3 dxe4 14. dxe4 e6
15. e5 Nd5 16. Ne4 Nb4 17. Rc3 b6 18. a3 Nd5 19. Rh3 c4 20. Bd2 Rd7 21. Qh4 h5
22. Re1 Ne7 23. g4 Rxd2 24. Nxd2 hxg4 25. Qxg4 Nf5 26. Ne4 Rd8 27. Rf3 Rd4 28.
Ng5 Qd5 29. Rf2 b5 30. h4 Nh6 31. Qe2 Nf5 32. Qg4 Nh6 33. Qg2 Nf5 34. Qxd5 Rxd5
35. Nf3 Bf8 36. Kg2 Bc5 37. Rfe2 c3 38. b4 Bb6 39. Kh3 a5 40. Kg4 a4 41. h5
gxh5+ 42. Kxh5 Ng3+ 43. Kg4 Nxe2 44. Rxe2 Rd1 45. f5 exf5+ 46. Kxf5 Ra1 47. e6
Kf8 48. e7+ Ke8 49. Ng5 Rf1+ 50. Kg4 Bc7 51. Ne4 Rg1+ 52. Kf5 Kxe7 53. Nxc3+ Kd7
54. Nxb5 Bb8 55. c4 Rg3 56. Rd2+ Kc6 57. Rd8 Rf3+ 58. Ke4 Rf4+ 59. Ke3 Be5 60.
Re8 f6 61. Rc8+ Kd7 62. Rc5 Rh4 63. Rd5+ Kc6 64. Kd3 Rh3+ 65. Ke4 Rh4+ 66. Kd3
Rh3+ 67. Kc2 Rh4 68. Na7+ Kb7 69. Ra5 Rxc4+ 70. Kd2 Bd4 71. Nb5 Be5 72. Rxa4 Kb6
73. Ra5 Rh4 74. a4 Rxb4 75. Ra8 Kb7 76. Rf8 Rxa4 77. Kd3 Kb6 78. Nd6 Rd4+ 79.
Ke3 Rxd6 80. Ke4 Kc5 81. Rc8+ Rc6 82. Rd8 Rd6 83. Rc8+ Kb6 84. Rc4 Rc6 85. Rb4+
Kc7 86. Rb5 Kd6 87. Ra5 Ke6 88. Ra3 f5+ 89. Kf3 Rc3+ 0-1

[Event "Mondiale Lampo FIDE 2017"]
[Site "Riyadh"]
[Date "30.12.2017"]
[Round "12.32"]
[White "Aronian, Levon"]
[Black "Demchenko, Anton"]
[Result "1-0"]
[WhiteTitle "GM"]
[BlackTitle "GM"]
[WhiteElo "2805"]
[BlackElo "2660"]
[WhiteFideId "13300474"]
[BlackFideId "4160258"]
[EventDate "2017.12.29"]

1. d4 Nf6 2. Bf4 d6 3. Nc3 g6 4. Qd2 c6 5. e4 b5 6. f3 Nbd7 7. Nge2 Nb6 8. Ng3
h5 9. Be2 Bg7 10. O-O h4 11. Nh1 h3 12. g4 a5 13. Ng3 Ba6 14. Nd1 Qc7 15. Nf2 b4
16. Bxa6 Rxa6 17. Qe2 Ra7 18. c3 bxc3 19. bxc3 Nfd7 20. Rab1 Rb7 21. Rfd1 c5 22.
Rb3 a4 23. Rb5 O-O 24. Nxh3 Rc8 25. Nf2 cxd4 26. cxd4 Qc4 27. Qxc4 Rxc4 28. Ne2
Rc2 29. Rd2 Rxd2 30. Bxd2 Rc7 31. Bc3 Nc4 32. Nd1 a3 33. Kf2 e6 34. Ne3 Ndb6 35.
Nxc4 Nxc4 36. Rb8+ Kh7 37. h4 Bf6 38. g5 Bg7 39. Rb3 d5 40. Nf4 dxe4 41. fxe4 e5
42. Nd5 Rd7 43. dxe5 Nxe5 44. Ke2 Ra7 45. Rb8 Ra4 46. Rb4 Ra7 47. Bd4 Rd7 48.
Rb6 Nc4 49. Rb4 Bxd4 50. Rxc4 Bb2 51. Rc7 Rxc7 52. Nxc7 Be5 53. Nb5 Bg3 54. Kf3
Bxh4 55. Kg4 Be1 56. Nxa3 Kg7 57. e5 Bc3 58. Nc4 Kf8 59. a4 Ke7 60. a5 Ke6 61.
a6 Bd4 62. Nd6 Kxe5 63. Nxf7+ Kd5 64. Nh8 Kc6 65. Nxg6 Kb6 66. Kf5 Kxa6 67. Ne5
Bc5 68. g6 Bf8 69. Kf6 Kb5 70. Kf7 Bh6 71. Ng4 1-0

[Event "Mondiale Lampo FIDE 2017"]
[Site "Riyadh"]
[Date "30.12.2017"]
[Round "12.33"]
[White "Ivanchuk, Vassily"]
[Black "Sargissian, Gabriel"]
[Result "1/2-1/2"]
[WhiteTitle "GM"]
[BlackTitle "GM"]
[WhiteElo "2726"]
[BlackElo "2672"]
[WhiteFideId "14100010"]
[BlackFideId "13300881"]
[EventDate "2017.12.29"]

1. c4 e6 2. Nf3 d5 3. b3 Nf6 4. g3 Be7 5. Bg2 O-O 6. O-O b6 7. Bb2 Bb7 8. cxd5
Nxd5 9. d4 Nf6 10. Nc3 Nbd7 11. Qc2 c5 12. Rad1 Qc8 13. e4 cxd4 14. Rxd4 Nc5 15.
Re1 Rd8 16. Rxd8+ Qxd8 17. Rd1 Qe8 18. Nd4 Rd8 19. b4 Na6 20. a3 Nb8 21. e5 Bxg2
22. Kxg2 Nd5 23. Ne4 Rc8 24. Qe2 Qd7 25. Nb5 Rd8 26. Nbd6 f5 27. Nd2 Bxd6 28.
exd6 Qxd6 29. Re1 Re8 30. Nc4 Qc6 31. Kg1 Nd7 32. Rd1 Qb5 33. Rd2 N5f6 34. Nd6
Qxe2 35. Rxe2 Rd8 36. Rxe6 Nf8 37. Bxf6 gxf6 38. Rxf6 Kg7 39. Rf7+ Kg8 40. Rf6
Kg7 41. Rf7+ Kg8 1/2-1/2

[Event "Mondiale Lampo FIDE 2017"]
[Site "Riyadh"]
[Date "30.12.2017"]
[Round "12.34"]
[White "Kasimdzhanov, Rustam"]
[Black "Moiseenko, Alexander"]
[Result "1/2-1/2"]
[WhiteTitle "GM"]
[BlackTitle "GM"]
[WhiteElo "2683"]
[BlackElo "2667"]
[WhiteFideId "14200244"]
[BlackFideId "14102560"]
[EventDate "2017.12.29"]

1. e4 c5 2. Nf3 Nc6 3. Bb5 g6 4. O-O Bg7 5. Re1 Nf6 6. h3 O-O 7. c3 e5 8. d3 d6
9. Nbd2 h6 10. Nf1 Be6 11. Ng3 Rc8 12. Ba4 Kh7 13. Be3 Nd7 14. Bxc6 bxc6 15. d4
exd4 16. cxd4 d5 17. Qd2 c4 18. b3 cxb3 19. axb3 dxe4 20. Nxe4 Bxb3 21. Rxa7 Bd5
22. Qc2 Ra8 23. Rea1 Rxa7 24. Rxa7 f5 25. Nc5 Nxc5 26. Qxc5 f4 27. Bd2 Bxf3 28.
gxf3 Rf5 29. Qxc6 Qxd4 30. Rd7 Rg5+ 31. Kf1 Qa1+ 32. Bc1 h5 33. h4 Rf5 34. Kg2
Kh6 35. Qc7 Qf6 36. Bd2 Qxh4 37. Rxg7 Rg5+ 38. Kf1 Qh3+ 39. Ke2 Qe6+ 40. Kd1
Qb3+ 41. Ke2 Qe6+ 42. Kd3 Qf5+ 43. Ke2 Qe6+ 44. Kd1 Qb3+ 45. Ke1 Qe6+ 46. Be3
Rg1+ 47. Ke2 Qa6+ 48. Kd2 fxe3+ 49. Kxe3 Qe6+ 50. Kd2 Qd5+ 51. Kc2 Qf5+ 52. Kd2
Qd5+ 53. Ke2 Qd1+ 54. Ke3 Re1+ 55. Kf4 Qd2+ 56. Kg3 Qg5+ 57. Kh2 Qh4+ 58. Kg2
Qh1+ 59. Kg3 Qg1+ 60. Kh3 Qf1+ 61. Kg3 Qg1+ 62. Kh3 Qh1+ 63. Kg3 Rg1+ 64. Kf4
Qh4+ 65. Ke3 Re1+ 66. Kd3 Qf6 67. Rh7+ Kg5 68. Qg3+ Kf5 69. Qh3+ Kg5 70. Qg3+
Kf5 71. Qh3+ Kg5 72. Qg2+ Kf5 73. Qh3+ Kg5 74. Qg3+ Kf5 1/2-1/2

[Event "Mondiale Lampo FIDE 2017"]
[Site "Riyadh"]
[Date "30.12.2017"]
[Round "12.35"]
[White "Safarli, Eltaj"]
[Black "Salgado Lopez, Ivan"]
[Result "1-0"]
[WhiteTitle "GM"]
[BlackTitle "GM"]
[WhiteElo "2639"]
[BlackElo "2644"]
[WhiteFideId "13402129"]
[BlackFideId "2257327"]
[EventDate "2017.12.29"]

1. e4 c6 2. Nf3 d5 3. exd5 cxd5 4. Ne5 Nc6 5. d4 e6 6. Bb5 Qc7 7. O-O Bd6 8. f4
Ne7 9. c3 O-O 10. Bd3 f6 11. Nxc6 bxc6 12. Be3 Bd7 13. Nd2 c5 14. Kh1 Rab8 15.
dxc5 Bxc5 16. Bxc5 Qxc5 17. Nb3 Qc7 18. Qh5 g6 19. Qh4 Kg7 20. Rae1 Rbe8 21. Re3
Rf7 22. Rfe1 Qd6 23. Nd4 Nc6 24. Rh3 Kf8 25. Qh6+ Ke7 26. f5 Ne5 27. fxe6 Bxe6
28. Bb5 Bxh3 29. Nc6+ Kd7 30. Qxh3+ Kc7 31. Qe3 Nxc6 32. Qxe8 Rd7 33. Re6 Re7
34. Rxd6 Rxe8 35. Rxc6+ Kb7 36. Rb6+ 1-0

[Event "Mondiale Lampo FIDE 2017"]
[Site "Riyadh"]
[Date "30.12.2017"]
[Round "12.36"]
[White "Onischuk, Vladimir"]
[Black "Guseinov, Gadir"]
[Result "1/2-1/2"]
[WhiteTitle "GM"]
[BlackTitle "GM"]
[WhiteElo "2637"]
[BlackElo "2646"]
[WhiteFideId "14114038"]
[BlackFideId "13401378"]
[EventDate "2017.12.29"]

1. e4 c5 2. Nf3 g6 3. d4 cxd4 4. Nxd4 Nc6 5. Nb3 Bg7 6. g3 Nf6 7. Bg2 O-O 8. Nc3
a5 9. a4 d6 10. h3 Nb4 11. O-O Bd7 12. Re1 Rc8 13. Be3 Bc6 14. Qd2 Nd7 15. Nd4
Ne5 16. b3 Nd7 17. Rac1 Nf6 18. Ndb5 Re8 19. Bd4 h5 20. Red1 Kh7 21. Na7 Ra8 22.
Nxc6 bxc6 23. e5 dxe5 24. Bxe5 Qb6 25. Bd4 Qc7 26. Qe2 e5 27. Bc5 Nbd5 28. Qe1
e4 29. Bd4 h4 30. g4 Nxc3 31. Bxc3 Nd5 32. Bxg7 Kxg7 33. Rd4 Nf4 34. Qe3 Nd5 35.
Qe1 Re5 36. Rxe4 Rae8 37. Rxe5 Rxe5 38. Qd2 Nf4 39. Re1 Rxe1+ 40. Qxe1 Qd6 41.
Bf1 Qd5 42. c4 Qc5 43. Qc3+ f6 44. Qd2 Qe5 45. b4 axb4 46. Qxb4 Qa1 47. Qe7+ Kh6
48. Qe3 g5 49. a5 Qxa5 50. Qe7 Qe5 51. Qf8+ Kh7 52. Qf7+ Kh6 53. Qf8+ 1/2-1/2